| 000 | 00974 a2200277 4500 | ||
|---|---|---|---|
| 999 |
_c9411 _d9411 |
||
| 020 | _a0702110868 | ||
| 050 | 0 | 0 | _aKTL1583 BAK 2080 |
| 100 | 1 |
_aBacker P.W.E _eauthor |
|
| 245 | 1 | 4 |
_aThe civil practice of the Magistrates' Courts in South Africa / _cJones and Buckle. |
| 250 |
_a7th ed. / _bby P. W. E. Baker, H. J. Erasmus, and I. G. Farlam. |
||
| 264 |
_aCape Town : _bJuta and company ltd, _c1980. |
||
| 300 | _a424p.: | ||
| 500 | _aAuthor's names in reverse order in other editions. | ||
| 500 | _aIncludes indexes. | ||
| 504 | _aBibliography: v. 1, p. ix-xi; v. 2, p. ix-x. | ||
| 650 | 0 | _aJustices of the peace | |
| 650 | 0 | _aCourt rules | |
| 650 | 0 | _aCivil procedure | |
| 700 | 1 |
_aBuckle, H. O. _q(Harry Osborne), _d1867-1933. |
|
| 700 | 1 | _aBaker, Peter William Edward. | |
| 700 | 1 | _aErasmus, H. J. | |
| 700 | 1 |
_aFarlam, I. G. _q(Ian Gordon) |
|
| 710 | 1 |
_aSouth Africa. _kLaws, statutes, etc. |
|
| 942 |
_2lcc _cBK _e7th ed _h1583 _iBAK _kKTL |
||